Does religious education work? (Record no. 750700)

MARC details
000 -LEADER
fixed length control field 01064nam a2200325Ia 4500
003 - CONTROL NUMBER IDENTIFIER
control field OSt
005 - DATE AND TIME OF LATEST TRANSACTION
control field 20220928113650.0
008 - FIXED-LENGTH DATA ELEMENTS--GENERAL INFORMATION
fixed length control field 220927b |||||||| |||| 00| 0 eng d
037 ## - SOURCE OF ACQUISITION
Terms of availability Textual
040 ## - CATALOGING SOURCE
Original cataloging agency SDCL
Transcribing agency SDCL
Language of cataloging eng
041 ## - LANGUAGE CODE
Source of code eng
Language code of text/sound track or separate title eng
100 ## - MAIN ENTRY--PERSONAL NAME
Personal name Conroy James C.
9 (RLIN) 434353
245 #0 - TITLE STATEMENT
Title Does religious education work?
Remainder of title A multi-dimensional investigation
260 ## - PUBLICATION, DISTRIBUTION, ETC.
Place of publication, distribution, etc. New Delhi
Name of publisher, distributor, etc. Bloomsbury
Date of publication, distribution, etc. 2013
300 ## - PHYSICAL DESCRIPTION
Extent vii,270p.
Dimensions cm.
650 ## - SUBJECT ADDED ENTRY--TOPICAL TERM
Topical term or geographic name entry element Religion
9 (RLIN) 156297
650 ## - SUBJECT ADDED ENTRY--TOPICAL TERM
Topical term or geographic name entry element Religious Teachings
9 (RLIN) 434354
650 ## - SUBJECT ADDED ENTRY--TOPICAL TERM
Topical term or geographic name entry element Theology
9 (RLIN) 434355
650 ## - SUBJECT ADDED ENTRY--TOPICAL TERM
Topical term or geographic name entry element Religious politics
9 (RLIN) 434356
700 ## - ADDED ENTRY--PERSONAL NAME
Personal name Baumfield Vivienne
9 (RLIN) 434357
700 ## - ADDED ENTRY--PERSONAL NAME
Personal name Davis Robert A.
9 (RLIN) 434358
700 ## - ADDED ENTRY--PERSONAL NAME
Personal name Lundie David
9 (RLIN) 434359
942 ## - ADDED ENTRY ELEMENTS (KOHA)
Classification part Q(T), Q3
Koha item type Textual
Source of classification or shelving scheme Colon Classification (CC)
Holdings
Withdrawn status Lost status Damaged status Not for loan Home library Current library Date acquired Source of acquisition Total Checkouts Full call number Barcode Date last seen Price effective from Koha item type
        South Campus Library South Campus Library 2022-09-28 31, 18/01/2019, Classic Book Service   Q(T) Q3 SC1624261 2022-09-28 2022-09-28 Textual
Copyright @ Delhi University Library System